000 00640nam a22001937a 4500
005 20131108111201.0
010 _aB-495261-283
020 _a9789350512005
_c298.00
035 _aB-495261-283
037 _aHPH/Ven
_bdpl
082 _a658
100 _aRao, V.S.P.
245 _aPrinciples of management /
_cby V.S.P. Rao
260 _aMumbai
_bHimalaya Publishing House
_c2011
270 _aRamdoot Dr. Bhalerao Marg, Girgaon
_bMumbai
_e400004
300 _a550p. :
_bill.
_c24cm(pbk)
942 _2ddc
_cEN
_mRAO
_h658
999 _c79563
_d79563